Multimédiá a ich využitie pri tvorbe coursware (e-learning) : Bakalárska práca

Guardado en:
Detalles Bibliográficos
Autor principal: Chlúda, Tomáš (Autor)
Otros Autores: Krištof, Peter (xxx)
Formato: Manuscrito Libro
Lenguaje:eslovaco
Publicado: Trnava : STU v Bratislave MtF KAIA, 2003
Materias:
Etiquetas: Agregar Etiqueta
Sin Etiquetas, Sea el primero en etiquetar este registro!

MARC

LEADER 00000ntm a22000003a 4500
001 stu84275
005 20160719154905.5
008 040225s2003----xo------------------slo-d
040 |a STU  |b slo 
041 0 |a slo 
044 |a xo 
100 1 |a Chlúda, Tomáš  |4 aut 
245 1 |a Multimédiá a ich využitie pri tvorbe coursware (e-learning) :  |b Bakalárska práca 
260 |a Trnava :  |b STU v Bratislave MtF KAIA,  |c 2003 
300 |a 49 s 
650 7 |a aplikovaná informatika a automatizácia v priemysle  |2 stusub 
700 1 |a Krištof, Peter  |4 xxx 
996 |b 284M055080  |c M*BP-480  |l MMSKP  |s P  |a 0  |w stu84275_0001